| 000 | 01648cam a2200469 4500 | ||
|---|---|---|---|
| 001 | 21242 | ||
| 003 | VRT | ||
| 005 | 20260225110059.0 | ||
| 008 | 250408s2021 xo g 010 f slo | ||
| 015 | _aSNBA2025/04 | ||
| 020 |
_a9788082490049 _q(viazané) |
||
| 039 | 9 |
_a202510061040 _bAUTHORITY _c202504170814 _dmsnk159 |
|
| 040 |
_aSNK _bslo _cSNK _erda |
||
| 041 | 1 |
_aslo _heng |
|
| 044 |
_axo _cSK |
||
| 072 | 7 |
_a821.111(73)-3 _xAmerická próza _2konspekt |
|
| 080 |
_a821.111(73)-31 _22011 |
||
| 080 |
_a(0:82-312.5) _22011 |
||
| 080 |
_a(0:82-311.6) _22011 |
||
| 100 | 1 |
_aHunter, Kristi Ann _4aut |
|
| 240 | 1 | 0 |
_aVying for the Viscoutn _lSlovensky |
| 245 | 1 | 0 |
_aKto získa vikomta? _cKristi Ann Hunterová ; preklad z anglického orginálu Vying for the Viscoutn: Mirka Molnárová Novysedláková |
| 250 | _aPrvé vydanie | ||
| 264 | 1 |
_a[Jezersko] _bi527.net _c2021 |
|
| 300 |
_a349 strán _c21 cm |
||
| 336 |
_atext _btxt _2rdacontent |
||
| 337 |
_abez média _bn _2rdamedia |
||
| 338 |
_azväzok _bnc _2rdacarrier |
||
| 500 | _aObsahuje stručné biografické údaje o autorke | ||
| 500 | _aMiesto vydania podľa NA ISBN | ||
| 655 | 7 |
_aamerické romány _2SNKPH |
|
| 655 | 7 |
_aľúbostné romány _2SNKPH |
|
| 655 | 7 |
_ahistorické romány _2SNKPH |
|
| 655 | 7 |
_aAmerican fiction _2SNKPHeng |
|
| 655 | 7 |
_aLove novels _2SNKPHeng |
|
| 655 | 7 |
_aHistorical novels _2SNKPHeng |
|
| 700 | 1 |
_aMolnárová-Novysedláková, Miroslava _4trl |
|
| 787 | 0 | 8 |
_iSéria: _tSrdcia na pláni _g1 |
| 942 |
_2ddc _cKLDO _n0 |
||
| 949 |
_617A1566809 _asnkSC 210021 _bsnk2025/6101 _o469/2025 |
||
| 949 |
_617A1566810 _asnkSC 210021 D1 _bsnk2025/6102 _o469/2025 |
||
| 999 |
_c21242 _d21242 |
||